Anthology Science Fiction

Saved in:
Bibliographic Details
Main Author: Aldiss, Brian W.
Format: Book
Language:Undetermined
Published: Gran Bretaña Penguin 1961
Subjects:
Tags: Add Tag
No Tags, Be the first to tag this record!

MARC

LEADER 00000nam a2200000Ia 4500
008 170316s9999 xx 000 0 und d
090 |a A-820 A-4a 
100 |a Aldiss, Brian W. 
245 |a Anthology Science Fiction 
260 |a Gran Bretaña 
260 |b Penguin 
260 |c 1961 
300 |a 236 páginas 
650 |a LITERATURA INGLESA 
999 |c 27694  |d 27694 
040 |a cru BVZT 
942 |c 15 D  |h A-820 A-4a  |2 z